Prerrafaelismo (Record no. 136428)

MARC details
000 -LEADER
campo de control de longitud fija 00644nam a2200181 4500
001 - NÚMERO DE CONTROL
campo de control 136428
003 - IDENTIFICADOR DE NÚMERO DE CONTROL
campo de control ES-MaACL
005 - FECHA Y HORA DE LA ÚLTIMA TRANSACCIÓN
campo de control 20240516063046.0
007 - CAMPO FIJO DE DESCRIPCIÓN FÍSICA--INFORMACIÓN GENERAL
campo de control de longitud fija t|
008 - DATOS DE LONGITUD FIJA--INFORMACIÓN GENERAL
campo de control de longitud fija 070214q1915 sp r ||||1| spa d
100 0# - ENTRADA PRINCIPAL--NOMBRE DE PERSONA
Nombre de persona Ruskin, John,
Fechas asociadas al nombre 1819-1900
9 (RLIN) 101026
245 10 - MENCIÓN DEL TÍTULO
Título Prerrafaelismo
Resto del título : conferencias sobre arquitectura y pintura /
Mención de responsabilidad, etc. John Ruskin ; con ilustraciones del autor ; traducción directa del inglés de E. Morales Veloso.
260 ## - PUBLICACIÓN, DISTRIBUCIÓN, ETC.
Lugar de publicación, distribución, etc. Madrid :
Nombre del editor, distribuidor, etc. Francisco Beltrán,
Fecha de publicación, distribución, etc. [1915?]
300 ## - DESCRIPCIÓN FÍSICA
Extensión 333 p. ;
Dimensiones 20 cm.
700 1# - ENTRADA AGREGADA--NOMBRE PERSONAL
Nombre de persona Morales Veloso, E.
9 (RLIN) 83081
852 ## - LOCALIZACIÓN
Ubicación ES-MaACL
Número de control de estantería A-5263
Sublocalización o colección R.18986
Holdings
Estatus retirado Estado de pérdida Estado de daño No para préstamo Biblioteca de origen Biblioteca actual Ubicación en estantería Fecha de adquisición Fuente de adquisición Total de préstamos Signatura topográfica completa Código de barras Visto por última vez Precio de reemplazo Tipo de ítem Koha
        Biblioteca del Ateneo de Madrid Biblioteca del Ateneo de Madrid Sala Pecera Planta 1 17/01/2008     A-5263 1141987 23/02/2023 23/02/2023 Libro impreso